Statistics for Countries That Share Two Same Borders #2

Click here to take the quiz!

General Stats

  • This quiz has been taken 1,323 times
    (1,320 since last reset)
  • The average score is 16 of 19

Answer Stats

HintAnswer% Correct
Brazil and ChileArgentina
98%
Bolivia
95%
Czech Republic
94%
Peru
94%
Slovakia and GermanyAustria
93%
Poland and RussiaBelarus
92%
Lithuania
90%
Poland
89%
Ukraine
89%
Kazakhstan
86%
Tajikistan
86%
Serbia and GreeceAlbania
84%
Kenya
82%
Macedonia
82%
Bulgaria
80%
Kyrgyzstan
77%
Uzbekistan and ChinaAfghanistan
75%
Uganda
74%
Tanzania and South SudanDemocratic Republic of the Congo
66%

Score Distribution

Percentile by Number Answered

Percent of People with Each Score

Your Score History

You have not taken this quiz since the last reset